अन्तर्राष्ट्रीय सम्बन्ध / (Record no. 119100)

MARC details
000 -LEADER
fixed length control field 01356nam a22002777a 4500
005 - DATE AND TIME OF LATEST TRANSACTION
control field 20170124103127.0
010 ## - LIBRARY OF CONGRESS CONTROL NUMBER
LC control number B-207499
020 ## - INTERNATIONAL STANDARD BOOK NUMBER
Terms of availability 00.00
International Standard Book Number 8189161342
035 ## - SYSTEM CONTROL NUMBER
System control number B-207499
037 ## - SOURCE OF ACQUISITION
Source of stock number/acquisition Cen Lib/Ret
040 ## - CATALOGING SOURCE
Original cataloging agency DPL
Language of cataloging HN
082 ## - DEWEY DECIMAL CLASSIFICATION NUMBER
Classification number 327
Item number संजय
100 ## - MAIN ENTRY--PERSONAL NAME
Personal name संजय कुमार
9 (RLIN) 83343
245 ## - TITLE STATEMENT
Title अन्तर्राष्ट्रीय सम्बन्ध /
Statement of responsibility, etc संजय कुमार, अनुराग जायसवाल [और] धीरेन्द्र द्विवेदी
246 ## - VARYING FORM OF TITLE
Title proper/short title Antarrashtreey sambandh /
Remainder of title by Sanjay Kumar , Anurag Jayaswal [aur] Dhirendra Dwivedi
260 ## - PUBLICATION, DISTRIBUTION, ETC. (IMPRINT)
Name of publisher, distributor, etc अध्य्यन पब्लिशर्स
Place of publication, distribution, etc दिल्ली
Date of publication, distribution, etc 2005
270 ## - ADDRESS
City दिल्ली
Address L-9B, गली नं.42, सादतपुर एक्सटेंशन
Postal code 110094
300 ## - PHYSICAL DESCRIPTION
Extent 236पृ.
Dimensions 20सेमी(सजिल्द)
650 ## - SUBJECT ADDED ENTRY--TOPICAL TERM
Topical term or geographic name as entry element भारत -- पाक सम्बन्ध
9 (RLIN) 44290
650 ## - SUBJECT ADDED ENTRY--TOPICAL TERM
Topical term or geographic name as entry element भारत -- परमाणु नीति
9 (RLIN) 5507
650 ## - SUBJECT ADDED ENTRY--TOPICAL TERM
Topical term or geographic name as entry element Indo - Pak relations
9 (RLIN) 83344
650 ## - SUBJECT ADDED ENTRY--TOPICAL TERM
Topical term or geographic name as entry element India - nuclear policy
9 (RLIN) 83345
700 ## - ADDED ENTRY--PERSONAL NAME
Personal name जायसवाल, अनुराग
9 (RLIN) 83346
700 ## - ADDED ENTRY--PERSONAL NAME
Personal name द्विवेदी, धीरेन्द्र
9 (RLIN) 43407
942 ## - ADDED ENTRY ELEMENTS (KOHA)
Source of classification or shelving scheme Dewey Decimal Classification
Koha item type Hindi Books
Classification part 327
Call number suffix संजय
Holdings
Withdrawn status Lost status Damaged status Not for loan Home library Current library Date acquired Source of acquisition Cost, normal purchase price Total Checkouts Full call number Barcode Date last seen Copy number Cost, replacement price Price effective from Koha item type
        Central Library Central Library 15/09/2015 Cen Lib/Ret 0.00   327 संजय B-207499 15/09/2015 1 0.00 15/09/2015 Hindi Books

© Delhi Public Library
Hit Counter
free hit counter